00553 2200193 4500001002100000005001500021035002000036007000300056008004100059020002200100082000800122084001400130100001300144245007000157250001100227260003100238300003800269700005200307INLIS00000000000148420221010090801 a0010-1022000008ta221010 f 0 ind  a978-623-266-593-4 a410 a410 MAF k0 aMafrukhi1 aKompeten Berbahasa Indonesia :bUntuk SMA/SMK Kelas X /cMafrukhi aCet. 1 aJakarta :bErlangga,c2021 axii + 340 hlm. ;c17,5 cm x 25 cm0 aPrasetyo Utomo, Imam Taufik, Rusmiyanto, Wahono